|
|
|
|
| LEADER |
00000nab a2200000 a 4500 |
| 001 |
vtls001520917 |
| 003 |
SK-MaSNL |
| 005 |
20260303201650.0 |
| 008 |
150409c2005 xo qr|p|||||||000 b|slo |
| 015 |
|
|
|a SNBRB2005/03
|2 snkbucl
|
| 038 |
|
|
|a SNKBUCL
|
| 040 |
|
|
|a SNKBUCL
|b slo
|c SNKBUCL
|e AACR2
|
| 041 |
0 |
|
|a slo
|
| 044 |
|
|
|a xo
|c SK
|
| 080 |
|
|
|a 621.791:061.5
|x (437.6)
|2 1997
|
| 100 |
1 |
|
|a Turček, Dušan
|4 ive
|4 aut
|9 1232709
|
| 245 |
1 |
0 |
|a Riaditeľ FRO Kovoplast Nitra Ing. Dušan Turček
|b boli sme dodávateľmi prídavných materiálov na zváranie Mostu Košická v Bratislave
|c Dušan Turček
|
| 300 |
|
|
|b Fotogr.
|
| 610 |
2 |
7 |
|a Fro Kovoplast (Nitra, Slovensko)
|2 snkbucl
|9 874950
|
| 650 |
0 |
7 |
|a zváracia technika
|2 snkbucl
|9 68011
|
| 773 |
0 |
|
|t Zvárač
|g Roč. II, č. 1 (2005), s. 62-63
|x 1336-5045
|
| 852 |
|
|
|a SNK
|b KIS3GCP
|
| 999 |
|
|
|c 2175350
|d 2177280
|